| 000 | 00561nam a2200205Ia 4500 | ||
|---|---|---|---|
| 001 | b4309-27324 [5515] | ||
| 003 | IT-MiCISF | ||
| 008 | 161014s9999||||xx |||||||||||||| ||und|| | ||
| 040 |
_aIT-MiCISF _cIT-MiCISF |
||
| 041 | _ait | ||
| 100 | _aFregni Gianfranco | ||
| 245 | 0 |
_aTobia e Sara _bItinerario di fede per giovani sposi |
|
| 250 | _a1a ed. | ||
| 260 |
_aBologna _bDehoniane _c1998 |
||
| 300 | _app. 126 | ||
| 500 | _a / pastorale-familiare, primi-anni-matrimonio / | ||
| 650 | _apastorale-familiare | ||
| 942 | _cBK | ||
| 957 | _71 | ||
| 999 |
_a27324 _bsi _g1 _c212969 _d212969 |
||